|
|
|
|
| LEADER |
00586cam a2200205 a 4500 |
| 001 |
0000024679 |
| 005 |
20050726090000.0 |
| 040 |
|
|
|a mod
|
| 041 |
|
|
|a eng
|
| 020 |
0 |
0 |
|a 0471524972
|
| 090 |
0 |
0 |
|a 658
|b SCH
|c f
|
| 100 |
1 |
0 |
|a SCHERMERHORN
|h John R
|
| 245 |
1 |
0 |
|a Management for productivity
|c John R. Schermerhorn
|
| 250 |
0 |
0 |
|a 4th ed
|
| 260 |
0 |
0 |
|a New York
|b John Wiley & Sons
|c 1993
|
| 300 |
0 |
0 |
|a xxxii, 807p.
|b ill.
|c 29cm
|
| 500 |
0 |
0 |
|a Includes bibliographical references and indexes
|
| 650 |
0 |
0 |
|a Management
|
| 852 |
0 |
0 |
|a 01
|
| 999 |
|
|
|a 0145275
|b KEMENTAH
|d BOOKS
|e Umum
|f Perpustakaan KEMENTAH
|j AVAILABLE
|q OLD
|